000 00634nam a2200217 u 4500
005 20220916063609.0
008 141006s2010 es r 000 0 spa d
020 _a9788495345837
035 _aUPN01000200019
049 _aI
050 4 _aGB662.3
_bS4.2
100 1 _aSevilla Atienza, Alicia
_936485
245 1 0 _aAba, el agua que viajaba /
_cAlicia Sevilla Atienza.
260 _aGranada, Esp. :
_bOctaedro,
_c2010.
300 _a[36] p. :
_bil. col.
440 0 _aEducandando
650 4 _aAGUA -
_vLITERATURA INFANTIL
_922057
650 7 _aLibros ilustrados para niƱos
_2
_921365
905 _aInfantil
999 _c172120
_d172120